| 000 | 00380nam a2200133Ia 4500 | ||
|---|---|---|---|
| 005 | 20260326235500.0 | ||
| 008 | 260326s9999||||xx |||||||||||||| ||und|| | ||
| 100 | _aFathy, Hassan | ||
| 245 | 0 |
_aArchitecture for the poor : _b An experiment in Rural Egypt / _cHassan Fathy |
|
| 260 | _bUniversity of Chicago Press | ||
| 300 | _a232 p. | ||
| 650 | _aARQUITECTURA REGIONAL | ||
| 942 | _cBK | ||
| 999 |
_c8055 _d8055 |
||